000 00457nam a2200145Ia 4500
008 211109s9999||||xx |||||||||||||| ||und||
082 _a894.81292
_bPER-M
100 _aPerunna, K N Nair
245 0 _aMAHACHARITHAMAALA-131
260 _bNATIONAL BOOKSTALL
_aKottayam
_c1984
300 _a99p.
630 _xGeneral Stack
650 _aBiography, genealogy & insignia
_vAltaic, Uralic, Hyperborean & Dravidian
_xLiterature & rhetoricGeneralia
942 _cBOOK
999 _c93858
_d93858